| 000 | 00511nam a22001817a 4500 | ||
|---|---|---|---|
| 999 |
_c167434 _d167434 |
||
| 005 | 20190902161307.0 | ||
| 010 | _aENG-126397 | ||
| 020 |
_c350.00 _a9788193993620 |
||
| 035 | _aEN-109929 | ||
| 037 | _bDBAD/PUB | ||
| 082 | _a152.4 | ||
| 100 | _aPonnusany,P | ||
| 245 |
_aEmotional Intelligence: _cby Manoj Kumar Singh _bOf Elementary School Teachers/ |
||
| 260 |
_bBlue Hill Publishers _aTamil Nadu |
||
| 270 | _bCoimbatore | ||
| 300 |
_a176p. _c19cm(hb) |
||
| 942 |
_2ddc _cEN _h152.4 _mPON |
||